Systém zákazů není optimální pro ochranu ŽP

Systém ochrany životného prostredia (OŽP) v Českej republike, jeho úspechy a problémy. Závery medzinárodného seminára Českej podnikateľskej rady (ČPR) pre trvalo udržateľný rozvoj. Definícia eko-efektívnosti. Grafický vývoj nákladov na OŽP v období 1989-1994 podľa ČPR u desiatich vybraných podnikov...

Descripción completa

Guardado en:
Detalles Bibliográficos
Formato: Capítulo de libro
Lenguaje:checo
Materias:
Etiquetas: Agregar Etiqueta
Sin Etiquetas, Sea el primero en etiquetar este registro!

MARC

LEADER 00000naa a2200000 4500
001 r019237
005 20221205102843.1
041 0 |a cze 
044 |a CZ 
245 1 0 |a Systém zákazů není optimální pro ochranu ŽP 
520 |a Systém ochrany životného prostredia (OŽP) v Českej republike, jeho úspechy a problémy. Závery medzinárodného seminára Českej podnikateľskej rady (ČPR) pre trvalo udržateľný rozvoj. Definícia eko-efektívnosti. Grafický vývoj nákladov na OŽP v období 1989-1994 podľa ČPR u desiatich vybraných podnikov v ČR. Priemyselné podniky a znižovanie emisií. 
610 2 0 |a prostredie životné 
610 2 0 |a ochrana prostredia životného 
610 2 0 |a rozvoj trvalo udržateľný 
610 2 0 |a ekologizácia 
610 2 0 |a ekológia 
610 2 0 |a OECD 
610 2 0 |a imisie 
610 2 0 |a Česko